Seigneurs des Ténèbres de fiction - Statistiques

Statistiques générales
  • Ce quiz a été pris 53 fois
    37 depuis la dernière actualisation
  • Le résultat moyen est 5 sur 10
Statistiques - réponses
Seigneur des Ténèbres Univers % Correct
Voldemort Harry Potter
100%
Sauron Le Seigneur des Anneaux
100%
Dark Vador Star Wars
100%
Ganondorf The Legend of Zelda
53%
Silvers Rayleigh One Piece
50%
Esprit Daedra The Elder Scrolls
25%
Darkhell Les Légendaires
22%
Seth Mythologie égyptienne
13%
Darkar Winx Club
9%
Roi Cramoisi/Roi Pourpre La Tour Sombre
6%
Aucun quiz correspondant
Distribution des résultats
% des personnes avec chaque résultat
Percentile par nombre de réponses
Votre historique - résultats
Vous n’avez pas pris ce quiz depuis la dernière actualisation